MARC details
| 000 -BAŞLIK |
| Sabit Uzunluktaki Kontrol Alanı |
04146nam a22003857a 4500 |
| 001 - KONTROL NUMARASI |
| Control Dosyası |
0000559 |
| 003 - KONTROL NUMARASI KİMLİĞİ |
| Kontrol Alanı |
KOHA_MİRAKIL |
| 005 - EN SON İŞLEM TARİHİ ve ZAMANI |
| Kontrol Alanı |
20260207001213.0 |
| 007 - FİZİKSEL TANIM SABİT ALAN - GENEL BİLGİ |
| Sabit uzunluklu kontrol alanı |
ta |
| 008 - SABİT UZUNLUKTAKİ VERİ ÖGELERİ - GENEL BİLGİ |
| Sabit Alan |
081212b2007 tu |||gr||||#||||0|tur | |
| 020 ## - ISBN - ULUSLARARASI STANDART KİTAP NUMARASI |
| Isbn |
9789752957541 |
| Kullanılabilirlik koşulları |
YTL13,69 |
| 040 ## - KATALOGLAMA KAYNAĞI |
| Özgün Kataloglama Kurumu |
TR-BiSEU |
| Kataloglama Dili |
tur |
| Çeviri Kurumu |
TR-BiSEU |
| Açıklama Kuralları |
rda |
| 041 0# - DİL KODU |
| Metin ya da ses kaydının dil kodu |
tur |
| 044 ## - YAYINLAYAN/ÜRETEN KURULUŞUN ÜLKE KODU |
| ISO country code |
tu |
| 050 ## - SINIFLAMA ve YER NUMARASI |
| Sınıflama Numarası |
TR850 |
| Yer Numarası |
.A77 2007 |
| 100 1# - KİŞİ ADI |
| Yazar Adı (Kişi adı) |
Arslantepe, Mehmet. |
| 245 1# - ESER ADI BİLDİRİMİ |
| Başlık |
Bir film çekmek ve masaüstü filmciliğe giriş/ |
| Sorumluluk Bildirimi |
Mehmet Arslantepe ; Mehmed Arslantepe. |
| 264 #1 - ÜRERİM, YAYIN, DAĞITIM ve TELİF BİLDİRİMİ |
| Yayın yeri |
İstanbul : |
| Yayınlayan |
Beta |
| Yayın tarihi |
2007 |
| 300 ## - FİZİKSEL TANIMLAMA |
| Sayfa, Cilt vb. |
179 sayfa |
| 336 ## - İÇERİK TÜRÜ |
| Content type term |
metin |
| Content type code |
txt |
| Source |
rdacontent |
| 337 ## - MEDYA TÜRÜ |
| Media type term |
aracısız |
| Media type code |
n |
| Source |
rdamedia |
| 338 ## - TAŞIYICI TÜRÜ |
| Carrier type term |
cilt |
| Carrier type code |
nc |
| Source |
rdacarrier |
| 490 1# - DİZİ BİLDİRİMİ |
| Dizi Bildirimi |
Beta ; |
| Cilt Numarası |
yayın no. |
| 490 1# - DİZİ BİLDİRİMİ |
| Dizi Bildirimi |
1859. |
| 490 1# - DİZİ BİLDİRİMİ |
| Dizi Bildirimi |
İletişim ; |
| Cilt Numarası |
40. |
| 505 ## - İÇİNDEKİLER NOTU |
| İçindekiler Notu |
İÇİNDEKİLER |
| 650 #0 - KONU BAŞLIĞI EK GİRİŞ - KONU TERİMİ |
| Konusal terim veya coğrafi ad |
Motion pictures. |
| 9 (RLIN) |
2819 |
| 650 #0 - KONU BAŞLIĞI EK GİRİŞ - KONU TERİMİ |
| Konusal terim veya coğrafi ad |
Motion pictures--Production and direction--Handbooks, manuals, etc. |
| 9 (RLIN) |
2820 |
| 650 #0 - KONU BAŞLIĞI EK GİRİŞ - KONU TERİMİ |
| Konusal terim veya coğrafi ad |
Short films--Production and direction. |
| 9 (RLIN) |
2821 |
| 650 #0 - KONU BAŞLIĞI EK GİRİŞ - KONU TERİMİ |
| Konusal terim veya coğrafi ad |
Motion pictures--Production and direction. |
| 9 (RLIN) |
2822 |
| 830 1# - SERİ EK GİRİŞİ - TEKBİÇİM ESER ADI |
| Tekbiçim Başlık |
Beta ; |
| Volume number/sequential designation |
yayın no. |
| 9 (RLIN) |
2823 |
| 830 1# - SERİ EK GİRİŞİ - TEKBİÇİM ESER ADI |
| Tekbiçim Başlık |
1859. |
| 9 (RLIN) |
2824 |
| 830 1# - SERİ EK GİRİŞİ - TEKBİÇİM ESER ADI |
| Tekbiçim Başlık |
İletişim ; |
| Volume number/sequential designation |
40. |
| 9 (RLIN) |
2736 |
| 942 ## - EK GİRİŞ ÖGELERİ (KOHA) |
| Source of classification or shelving scheme |
Library of Congress Classification |
| Koha item type |
Book |
| 505 ## - İÇİNDEKİLER NOTU |
| -- |
ÖNSÖZ V |
| -- |
GİRİŞ 1 |
| -- |
|
| -- |
I. BÖLÜM BİR FİLM ÇEKMEK |
| -- |
A. Sinema Düşüncesi ve Gelişimi 7 |
| -- |
B. Film Çekmeye Başlamak 12 |
| -- |
1. Kısa Film 12 |
| -- |
2. Bir Filmin Aşamaları 14 |
| -- |
2.1. Bir Fikrin Bulunması ve Geliştirilmesi 15 |
| -- |
2.2. Nasıl Anlatılmalı 16 |
| -- |
2.2.1. Anlatım Örgüsü 17 |
| -- |
2.2.2. Görüntüyle Anlatım 23 |
| -- |
2.3. Fikrin Senaryolaştırılması 25 |
| -- |
3. Çekim Aşaması ve Çekim Ekipmanı 27 |
| -- |
3.1. Film İçin Bir Set Ekibi 33 |
| -- |
3.2. Bütçe ve Program Yapmak 36 |
| -- |
3.2.1. Bütçe 36 |
| -- |
3.2.2. Çekim Programı 40 |
| -- |
4. Montaj Aşaması 41 |
| -- |
5. Yasalar 43 |
| -- |
5.1. Tanımlar 43 |
| -- |
5.2. Eser Sahipliği 44 |
| -- |
5.3. İşleme Hakkı ve Çoğaltma Hakkı 44 |
| -- |
5.4. Serbest Kullanma Hakkı 45 |
| -- |
5.5. Koruma Süresi 46 |
| -- |
C. Video Kameralar 47 |
| -- |
1. Televizyon standartları 47 |
| -- |
2. Kamera Pormatları 47 |
| -- |
2.1. Eski Formatlar 48 |
| -- |
2.2. Yüksek Kaliteli Formatlar 48 |
| -- |
D. Kamera Özellikleri 51 |
| -- |
1. Zoom 51 |
| -- |
2. Focus/Odak 52 |
| -- |
3. iris /Apereture 52 |
| -- |
4. Exposure (pozlandirma) 53 |
| -- |
5. Shutter Speed (hız kontrolü) 53 |
| -- |
6. Arka Işık Kontrolü (Backlight Control) 53 |
| -- |
7. Beyaz Dengesi /Ayarı (White Balance) 53 |
| -- |
8. Ses/Audio 54 |
| -- |
9. LCD Screen Cams (LCD Ekran) 54 |
| -- |
10. Piller 54 |
| -- |
11. Video Kamera Filtreleri 55 |
| -- |
12. Tripod /Kamera Sehpası 55 |
| -- |
|
| -- |
II. BÖLÜM SENARYO |
| -- |
A. Senaryo Yazımı İçin Bilinmesi Gereken 60 |
| -- |
1. Tema 61 |
| -- |
2. Dramatik Yapı (Öyküleme) 62 |
| -- |
3. Kişileştirme 68 |
| -- |
4. Zaman 71 |
| -- |
5. Mekan 72 |
| -- |
6. Konuşma Örgüsü (Diyalog) 73 |
| -- |
7. Ses ve Efekt Kullanımı 75 |
| -- |
8. Müzik 77 |
| -- |
Senaryo Yazımı İçin Son Sözler 77 |
| -- |
B. Senaryonun Aşamaları ve Biçimi 79 |
| -- |
1. Synopsis (Taslak Öykü) 79 |
| -- |
2. Treatment (Geliştirim) 80 |
| -- |
3. Ayrımlama (Senaryo) 80 |
| -- |
4. Çekim Senaryosu (Shoting Script) 82 |
| -- |
5. Storyboard (Resimli Taslak) 84 |
| -- |
|
| -- |
III. BÖLÜM |
| -- |
SİNEMATOGRAFİ: TEMEL BİLGİLER |
| -- |
A. Kamera Hareketleri 87 |
| -- |
1. Kameranın Gövdesiyle Yapılan Hareketler: Çevrinme Hareketleri 87 |
| -- |
1.1. Yatay Çevrinme / Yatay Hareket: PAN 88 |
| -- |
1.2. Dikey Çevrinme / Düşey Hareket: TILT 88 |
| -- |
2. Kameranın Ayağı (Tripod) ile Yapılan Hareketler: |
| -- |
Kaydırma Hareketleri 88 |
| -- |
2.1. Kaydırma: TRAVELLING 88 |
| -- |
2.2. Koşut Kaydırma: CRABBING 88 |
| -- |
3. Mercekle Yapılan Kaydırma - Optik Kaydırma: ZOOM 89 |
| -- |
4. Mekanik Teknikler - Dikey Yükseliş/Alçalış: CRANE 89 |
| -- |
B. Çekim Ölçekleri / Planlar 89 |
| -- |
C. Temel Geçiş Teknikleri (Transitions) 94 |
| -- |
D. Montaj - Kurgu 95 |
| -- |
|
| -- |
IV. BÖLÜM |
| -- |
KOMPOZİSYON TEKNİKLERİ |
| -- |
A. Konu Saptamak 101 |
| -- |
B* Çerçeveleme 102 |
| -- |
C Yalınlık/Sadelik Sağlamak 110 |
| -- |
D- Çizgiler 111 |
| -- |
E- Şekiller/Formlar 112 |
| -- |
p- Denge 113 |
| -- |
G- Işık 115 |
| -- |
H. Renkler 118 |
| -- |
Alan Derinliği -122 |
| -- |
J- Ses 124 |
| -- |
K. Kombine Hareket Teknikleri 129 |
| -- |
1. Farklı ve Kombine Kamera Hareketleri 130 |
| -- |
2. Farklı Açılar 131 |
| -- |
3. Crane Teknikleri 133 |
| -- |
|
| -- |
V. BÖLÜM KURGU |
| -- |
A. Kurgu İçin Bilinmesi Gerekenler 139 |
| -- |
B. Kurgunun Aşamaları 141 |
| -- |
C. Kurgu Kuralları 142 |
| -- |
D. Kurgu Terimleri 143 |
| -- |
E. Teknik Terimler 146 |
| -- |
|
| -- |
SON SÖZLER 148 |
| -- |
Önemli Yönetmenler ve Filmleri 150 |
| -- |
|
| -- |
KAYNAKÇA 177 |
| -- |
|